| 000 | 00388nam a22001457a 4500 | ||
|---|---|---|---|
| 005 | 20231025131801.0 | ||
| 008 | 231025b |||||||| |||| 00| 0 eng d | ||
| 082 | _a347.1 HIG | ||
| 100 |
_aMuller, LC _lEnglish |
||
| 245 |
_aHigh Court Rules / _cLC Muller |
||
| 260 | _c2005 | ||
| 300 |
_b41 pages ; _c31 cm. |
||
| 650 |
_aLegal practice _bLaw |
||
| 942 |
_cBK _6ALISON_BN_VRIES |
||
| 999 |
_c55 _d55 |
||